Nákladovosť poľnohospodárskych výrobkov v SR za rok ... v triedení podľa výrobných oblastí

Bibliographic Details
Previous Title:Náklady a výnosy poľnohospodárskych výrobkov v SR za rok ... v triedení podľa výrobných oblastí
Main Author: Trubačová, Anna (Author, Compiler)
Other Authors: Burianová, Viera (Compiler)
Format: Serial
Language:Slovak
PhysicalDescription:zv. tab. 21 cm
Published: Bratislava Výskumný ústav ekonomiky poľnohospodárstva a potravinárstva 2011-
Bratislava Národné poľnohospodárske a potravinárske centrum - Výskumný ústav ekonomiky poľnohospodárstva a potravinárstva
Bratislava Ministerstvo pôdohospodárstva a rozvoja vidieka Slovenskej republiky
ISBN:9788080585716 (brož. : 2010)
9788080585952 (brož. : 2013)
9788080585914 (brož. : 2012)
9788080586058 (brož. : 2014)
9788080586133 (brož. : 2015)
9788080586362 (brož. : 2018)
9788080586447 (brož. : 2019)
9788080586522 (brož. : 2020)
9788089738335 (brož. : 2021)
9788089738380 (brož. : 2022)
Subjects:

MARC

LEADER 00000cas a2200000 a 4500
001 vtls010693104
003 SK-MaSNL
005 20260425194302.0
008 160429c20119999xo ar 000 b0slo
015 |a SNBB2015-(r. 2010, r. 2013)  |a SNBB2016-(r. 2012, r. 2014)  |a SNBB2019-(r. 2015)  |a SNBB2021-(r. 2018)  |a SNBB2022-(r. 2019, r. 2020)  |a SNBB2023-(r. 2021)  |a SNBB2024-(r. 2022) 
020 |a 9788080585716 (brož. : 2010) 
020 |a 9788080585952 (brož. : 2013) 
020 |a 9788080585914 (brož. : 2012) 
020 |a 9788080586058 (brož. : 2014) 
020 |a 9788080586133 (brož. : 2015) 
020 |a 9788080586362 (brož. : 2018) 
020 |a 9788080586447 (brož. : 2019) 
020 |a 9788080586522 (brož. : 2020) 
020 |a 9788089738335 (brož. : 2021) 
020 |a 9788089738380 (brož. : 2022) 
040 |a SNK  |b slo  |c SNK  |e AACR2 
041 0 |a slo 
043 |a e-xo--- 
044 |a xo  |c SK 
072 7 |a 631  |x Poľnohospodárstvo. Pedológia. Agrotechnika. Agroekológia  |2 konspekt 
072 7 |a 33  |x Ekonómia  |2 konspekt 
080 |a 050  |2 2011 
080 |a 631.57  |2 2001 
080 |a 338.58  |2 2011 
080 |a 338.43.01  |2 2011 
080 |a (437.6)  |2 2011 
080 |a (036)  |2 2011 
245 0 0 |a Nákladovosť poľnohospodárskych výrobkov v SR za rok ... v triedení podľa výrobných oblastí 
260 |a Bratislava  |b Výskumný ústav ekonomiky poľnohospodárstva a potravinárstva  |c 2011- 
260 2 |3 2014-2021  |a Bratislava  |b Národné poľnohospodárske a potravinárske centrum - Výskumný ústav ekonomiky poľnohospodárstva a potravinárstva 
260 3 |3 2022-  |a Bratislava  |b Ministerstvo pôdohospodárstva a rozvoja vidieka Slovenskej republiky 
300 |a zv.  |b tab.  |c 21 cm 
310 |a 1x ročne 
362 0 |a 2010- 
500 |a Súčasťou názvu je označenie roku 
500 |a Zostavila: 2010, Viera Burianová ; 2012-2015, 2018-2020, Anna Trubačová 
500 |a Autor: 2021-2022, Anna Trubačová 
650 0 7 |a poľnohospodárske výrobky  |2 SNKPH  |9 20059 
650 0 7 |a Agricultural products  |2 SNKPHeng  |9 266972 
650 0 7 |a náklady  |2 SNKPH  |9 2318 
650 0 7 |a Costs  |2 SNKPHeng  |9 274134 
650 0 7 |a ekonomika poľnohospodárstva  |2 SNKPH  |9 3609 
650 0 7 |a Agricultural economics  |2 SNKPHeng  |9 265914 
651 7 |a Slovensko  |2 SNKPHgeo  |9 14231 
651 7 |a Slovakia  |2 SNKPHeng  |9 92630 
655 7 |a informačné publikácie  |2 SNKPH  |9 70181 
655 7 |a Information publications  |2 SNKPHeng  |9 265188 
700 1 |a Burianová, Viera  |4 com  |9 43110 
700 1 |a Trubačová, Anna  |4 com  |4 aut  |9 266974 
780 0 0 |t Náklady a výnosy poľnohospodárskych výrobkov v SR za rok ... v triedení podľa výrobných oblastí  |w vtls009144984 
910 |a snk 
919 |a 978-80-8058-571-6 
919 |a 978-80-8058-595-2 
919 |a 978-80-8058-591-4 
919 |a 978-80-8058-605-8 
919 |a 978-80-8058-613-3 
919 |a 978-80-8058-636-2 
919 |a 978-80-8058-644-7 
919 |a 978-80-8058-652-2 
919 |a 978-80-89738-33-5 
919 |a 978-80-89738-38-0 
999 |c 9545  |d 11475 
952 |a SNK  |b SNK  |y PREZ  |7 0  |p 17A1522375  |o snkČSC 3495/2022  |i snk2024/8415  |8 0  |z Vydané v r. 2023  |0 0  |1 0  |4 0  |d 2024-05-28  |l 0  |r 2026-02-21 19:58:00  |w 2026-02-21 
952 |a SNK  |b SNK  |y PREZ  |7 0  |p 17A1522376  |o snkČSC 3495/2022 D1  |i snk2024/8416  |8 0  |z Vydané v r. 2023  |0 0  |1 0  |4 0  |d 2024-05-28  |l 0  |r 2026-02-21 19:58:00  |w 2026-02-21 
952 |a SNK  |b SNK  |y PREZ  |7 0  |p 17A1462336  |o snkČSC 3495/2019  |i snk2022/10009  |8 0  |z Rok vydania: 2020  |0 0  |1 0  |4 0  |d 2022-06-16  |l 0  |r 2026-02-21 20:00:44  |w 2026-02-21 
952 |a SNK  |b SNK  |y PREZ  |7 0  |p 17A1462337  |o snkČSC 3495/2019 D1  |i snk2022/10012  |8 0  |z Rok vydania: 2020  |0 0  |1 0  |4 0  |d 2022-06-16  |l 0  |r 2026-02-21 20:00:44  |w 2026-02-21 
952 |a SNK  |b SNK  |y PREZ  |7 0  |p 17A1494873  |o snkČSC 3495/2020  |i snk2022/16871  |8 0  |z Rok vydania: 2021  |0 0  |1 0  |4 0  |d 2022-11-08  |l 0  |r 2026-02-21 20:11:00  |w 2026-02-21 
952 |a SNK  |b SNK  |y PREZ  |7 0  |p 17A1494874  |o snkČSC 3495/2020 D1  |i snk2022/16872  |8 0  |z Rok vydania: 2021  |0 0  |1 0  |4 0  |d 2022-11-08  |l 0  |r 2026-02-21 20:11:00  |w 2026-02-21 
952 |a SNK  |b SNK  |y PREZ  |7 0  |p 17A1465646  |o snkČSC 3495/2021  |i snk2023/5661  |8 0  |z Vydané v r. 2022  |0 0  |1 0  |4 0  |d 2023-04-04  |l 0  |r 2026-02-21 20:18:03  |w 2026-02-21 
952 |a SNK  |b SNK  |y PREZ  |7 0  |p 17A1465647  |o snkČSC 3495/2021 D1  |i snk2023/5662  |8 0  |z Vydané v r. 2022  |0 0  |1 0  |4 0  |d 2023-04-04  |l 0  |r 2026-02-21 20:18:03  |w 2026-02-21 
952 |a SNK  |b SNK  |y PREZ  |7 0  |p 17A1433559  |o snkČSC 3495/2018  |i snk2021/4458  |8 0  |z Rok vydania: 2019  |0 0  |1 0  |4 0  |d 2021-05-13  |l 0  |r 2026-02-21 21:29:31  |w 2026-02-21 
952 |a SNK  |b SNK  |y PREZ  |7 0  |p 17A1433560  |o snkČSC 3495/2018 D1  |i snk2021/4459  |8 0  |z Rok vydania: 2019  |0 0  |1 0  |4 0  |d 2021-05-13  |l 0  |r 2026-02-21 21:29:31  |w 2026-02-21 
952 |a SNK  |b SNK  |y PREZ  |7 0  |p 17A0754912  |o snkČSC 3495/2010  |i snk2015/32917  |8 0  |0 0  |1 0  |4 0  |d 2015-12-07  |l 0  |r 2026-02-21 21:46:53  |w 2026-02-21 
952 |a SNK  |b SNK  |y PREZ  |7 0  |p 17A0719384  |o snkČSC 3495/2010 D1  |i snk2015/32918  |8 0  |0 0  |1 0  |4 0  |d 2015-12-07  |l 0  |r 2026-02-21 21:46:53  |w 2026-02-21 
952 |a SNK  |b SNK  |y PREZ  |7 0  |p 17A1085197  |o snkČSC 3495/2013  |i snk2015/32919  |8 0  |0 0  |1 0  |4 0  |d 2015-12-07  |l 0  |r 2026-02-21 21:46:53  |w 2026-02-21 
952 |a SNK  |b SNK  |y PREZ  |7 0  |p 17A1085196  |o snkČSC 3495/2013 D1  |i snk2015/32920  |8 0  |0 0  |1 0  |4 0  |d 2015-12-07  |l 0  |r 2026-02-21 21:46:53  |w 2026-02-21 
952 |a SNK  |b SNK  |y PREZ  |7 0  |p 17A1382515  |o snkČSC 3495/2015  |i snk2019/23517  |8 1  |0 0  |1 0  |4 0  |d 2019-09-20  |l 0  |r 2026-02-21 21:52:44  |w 2026-02-21 
952 |a SNK  |b SNK  |y PREZ  |7 0  |p 17A1382516  |o snkČSC 3495/2015 D1  |i snk2019/23519  |8 1  |0 0  |1 0  |4 0  |d 2019-09-20  |l 0  |r 2026-02-21 21:52:44  |w 2026-02-21 
952 |a SNK  |b SNK  |y PREZ  |7 0  |p 17A1085027  |o snkČSC 3495/2012  |i snk2016/2823  |8 0  |0 0  |1 0  |4 0  |d 2016-02-03  |l 0  |r 2026-02-21 21:54:08  |w 2026-02-21 
952 |a SNK  |b SNK  |y PREZ  |7 0  |p 17A1085026  |o snkČSC 3495/2012 D1  |i snk2016/2824  |8 0  |0 0  |1 0  |4 0  |d 2016-02-03  |l 0  |r 2026-02-21 21:54:08  |w 2026-02-21 
952 |a SNK  |b SNK  |y PREZ  |7 0  |p 17A1098768  |o snkČSC 3495/2014  |i snk2016/9597  |8 0  |0 0  |1 0  |4 0  |d 2016-04-14  |l 0  |r 2026-02-21 22:09:01  |w 2026-02-21 
952 |a SNK  |b SNK  |y PREZ  |7 0  |p 17A1098769  |o snkČSC 3495/2014 D1  |i snk2016/9599  |8 0  |0 0  |1 0  |4 0  |d 2016-04-14  |l 0  |r 2026-02-21 22:09:01  |w 2026-02-21